000 00521nam a22001817a 4500
005 20160712110228.0
010 _aENG-115390
020 _a9789331318190
_c1495.00
035 _aEN-98922
037 _bDBAD/PUB
082 _a483.12
100 _aKrishna Kumar Singh
245 _aSynonyms and antonyms /
_cKrishna Kumar Singh
260 _aNew Delhi
_bA.P.H. Publishing
_c2013
270 _a4435-36/7,Ansari Road
_bNew Delhi
_e110002
300 _av,468p.
_c22cm(Hb)
942 _2ddc
_cEN
_h658.3
_mKRI
999 _c101234
_d101234